Človek pokojného vzdoru

Bibliographic Details
Format: Article
Language:Slovak
ISSN:0231-6714
Subjects:

MARC

LEADER 00000nab a2200000 a 4500
001 vtls010060443
003 SK-MaSNL
005 20260303051005.0
008 131118c2009 xo |r|p|||||||000 b|slo
015 |a SNBRB2010/02  |2 snkbucl 
038 |a SNKBUCL 
040 |a SNKBUCL  |b slo  |c SNKBUCL  |e AACR2 
041 0 |a slo 
044 |a xo  |c SK 
080 |a 82:929:821.162.4  |2 2001 
080 |a 821.162.4:929  |2 2001 
080 |a 82-051  |2 2001 
080 |a 929 Bagin, Albín  |2 2001 
245 0 0 |a Človek pokojného vzdoru  |c Ivan Kadlečík 
500 |a V rubrike Tmavá komora 
600 1 7 |a Bagin, Albín,  |d 1939-1982  |2 snkbucl  |9 5148 
655 7 |a úvahy  |2 snkbucl  |9 29403 
773 0 |t Romboid  |g Roč. XLIV, č. 9-10 (2009), s. 86  |x 0231-6714 
852 |a SNK  |b KIS3GCP 
958 |a LX 
958 |a SK 
958 |a BX 
999 |c 1709849  |d 1711779